000 00607pam a2200193 a 4500
003 OSt
005 20260420111848.0
008 910424s1991 njua b 001 0 eng
020 _a9780691073866
040 _cHDL
_beng
082 0 0 _a294.5 N1
_220
100 1 _aDavis, Richard H.,
_91107024
245 1 0 _aRitual in an oscillating universe :
_bworshiping Śiva in medieval India /
_cRichard H. Davis.
260 _aPrinceton, N.J. :
_bPrinceton University Press,
_c1991.
300 _axvi, 200 p.
_c25 cm.
651 0 _aIndia
_xReligious life and customs.
942 _2CC
_cTEXL
_n0
999 _c1848316
_d1848316